Химия 2.6: электронный курс
| Autor principal: | |
|---|---|
| Autor Corporativo: | |
| Resumo: | Заглавие с экрана В курсе «Химия 2.6» раскрываются сведения о нахождении элементов в природе, способах их получения, а также физические и химические свойства. Характеризуются основные свойства кислородных соединений элементов, сравнительная характеристика свойств оксидов, гидроксидов и их солей; способы их получения. Особое внимание уделяется выявлению закономерностей изменения свойств элементов и их соединений и их систематизации, взаимосвязь с современными теориями строения вещества, термодинамикой и кинетикой процессов. Знания, полученные в курсе «Химия 2.6» помогут студентам сопоставлять физические и химические свойства простых веществ, определять реакционную способность их соединений, самостоятельно осуществлять основные приемы работы в химической лаборатории, планировать синтез требуемого соединения, практически использовать полученные знания для решения химических задач и принятию решений технологических и экологических проблем. А также понять, что современный уровень жизни невозможен без продуктов и методов химии. Доступ по логину и паролю |
| Idioma: | russo |
| Publicado em: |
Томск, TPU Moodle, 2016
|
| Assuntos: | |
| Acesso em linha: | https://design.lms.tpu.ru/course/view.php?id=1158 |
| Formato: | MixedMaterials Recurso Electrónico Livro |
| KOHA link: | https://koha.lib.tpu.ru/cgi-bin/koha/opac-detail.pl?biblionumber=666863 |
MARC
| LEADER | 00000nlm0a2200000 4500 | ||
|---|---|---|---|
| 001 | 666863 | ||
| 005 | 20231102030857.0 | ||
| 035 | |a (RuTPU)RU\TPU\network\38067 | ||
| 035 | |a RU\TPU\network\36718 | ||
| 090 | |a 666863 | ||
| 100 | |a 20220202d2016 m y0rusy50 ca | ||
| 101 | 0 | |a rus | |
| 102 | |a RU | ||
| 105 | |a a j 000zy | ||
| 135 | |a jrcn ---uucaa | ||
| 181 | 0 | |a i | |
| 182 | 0 | |a b | |
| 200 | 1 | |a Химия 2.6 |e электронный курс |f В. Ф. Торосян |g Национальный исследовательский Томский политехнический университет, Юргинский технологический институт (филиал), Кафедра естественного научного образования | |
| 203 | |a Текст |c электронный | ||
| 210 | |a Томск |c TPU Moodle |d 2016 | ||
| 230 | |a Электрон. дан. | ||
| 300 | |a Заглавие с экрана | ||
| 330 | |a В курсе «Химия 2.6» раскрываются сведения о нахождении элементов в природе, способах их получения, а также физические и химические свойства. Характеризуются основные свойства кислородных соединений элементов, сравнительная характеристика свойств оксидов, гидроксидов и их солей; способы их получения. Особое внимание уделяется выявлению закономерностей изменения свойств элементов и их соединений и их систематизации, взаимосвязь с современными теориями строения вещества, термодинамикой и кинетикой процессов. Знания, полученные в курсе «Химия 2.6» помогут студентам сопоставлять физические и химические свойства простых веществ, определять реакционную способность их соединений, самостоятельно осуществлять основные приемы работы в химической лаборатории, планировать синтез требуемого соединения, практически использовать полученные знания для решения химических задач и принятию решений технологических и экологических проблем. А также понять, что современный уровень жизни невозможен без продуктов и методов химии. | ||
| 333 | |a Доступ по логину и паролю | ||
| 606 | 1 | |a Химия |2 stltpush |3 (RuTPU)RU\TPU\subj\17362 |9 43035 | |
| 610 | 1 | |a электронный ресурс | |
| 610 | 1 | |a труды учёных ТПУ | |
| 610 | 1 | |a электронное обучение | |
| 610 | 1 | |a электронные курсы ТПУ | |
| 610 | 1 | |a электронные учебные пособия | |
| 610 | 1 | |a учебные пособия | |
| 610 | 1 | |a электронное образование | |
| 610 | 1 | |a дистанционное обучение | |
| 610 | 1 | |a дистанционное образование | |
| 610 | 1 | |a окислительные свойства | |
| 610 | 1 | |a восстановительные свойства | |
| 675 | |a 54(075.8) |v 4 | ||
| 700 | 1 | |a Торосян |b В. Ф. |c специалист в области экологии и безопасности жизнедеятельности |c доцент Юргинского технологического института (филиала) Томского политехнического университета, кандидат педагогических наук |f 1956- |g Вера Фёдоровна |2 stltpush |3 (RuTPU)RU\TPU\pers\24283 |9 10749 | |
| 712 | 0 | 2 | |a Национальный исследовательский Томский политехнический университет |b Юргинский технологический институт (филиал) |b Кафедра естественного научного образования |h 7134 |2 stltpush |3 (RuTPU)RU\TPU\col\18894 |
| 801 | 2 | |a RU |b 63413507 |c 20220628 |g RCR | |
| 856 | 4 | |u https://design.lms.tpu.ru/course/view.php?id=1158 | |
| 942 | |c CF | ||